| 000 | 00655nam a2200205 4500 | ||
|---|---|---|---|
| 001 | 123500 | ||
| 003 | ES-MaACL | ||
| 005 | 20251011063129.0 | ||
| 007 | t| | ||
| 008 | 070214s1981 sp r ||||1| spa d | ||
| 100 | 1 |
_aQuilis, Antonio, _d1933-2003 _994630 |
|
| 245 | 1 | 0 |
_aFonética acústica de la lengua española / _cAntonio Quilis. |
| 260 |
_aMadrid : _bGredos, _c1981. |
||
| 300 |
_a500 p. : _bil. ; _c20 cm. |
||
| 490 | 1 |
_aBiblioteca románica hispánica. Manuales ; _v49 |
|
| 830 | 0 |
_aBiblioteca románica hispánica. III. Manuales ; _v49 _9177701 |
|
| 852 |
_aES-MaACL _jL-1531 _bR.102360 |
||
| 942 | _2udc | ||
| 999 |
_c123500 _d123500 |
||